000 00811nam a2200229Ia 4500
003 GCL
008 140319s9999 xx 000 0 ara d
020 _a6205287977
040 _aGCL /
_cGCL
082 0 4 _a668.494
_bم ت
100 1 _aمحمد اسماعيل عمر
245 1 0 _aتكنولوجيا تصنيع البلاستيك المقوى ( المسلح ) /
_cمحمد اسماعيل عمر
260 _aالقاهرة :
_bدار الكتب العلمية للنشر والتوزيع ،
_c2002
300 _a300 ص ؛
_c24 سم
650 0 4 _aالبلاستيك
650 0 4 _aالخيوط
650 0 4 _aالبلاستيك - تشكيل
650 0 4 _aالبلاستيك - صناعة وتجارة
650 0 4 _aالبلاستيك التحضيرى
650 0 4 _aالراتنجات
942 _2ddc
_cBK
999 _c5427
_d5427